Madagascar Escape 2 Africa : the junior novel

Bibliographic Details
Other Authors: Bright, J.E
Format: Book
Published: London : HarperCollins Children's Book , 2008
Subjects:

MARC

LEADER 00000cam a2200000 7i4500
001 0000024263
005 20151222.0
008 081211
020 |a 0007284351 
090 0 0 |a JF   |b ENG 
245 1 0 |a Madagascar Escape 2 Africa :   |b the junior novel   |c adapted by J.E.Bright 
260 |a London :   |b HarperCollins Children's Book ,   |c 2008 
500 |a Children ages 10-12 years old (pink) 
650 0 |a Children stories, English 
650 0 |a English language   |x Readers   |x Fiction 
700 1 |a Bright, J.E 
999 |a 0001038781   |b Book   |c Children Collection   |e Cawangan Tmn. Ungku Tun Aminah 
999 |a 0001038782   |b Book   |c Children Collection   |e Perbadanan Perpustakaan Awam Johor